000 00274nam a2200109 a 4500
005 20140414132059.0
008 110805s19uu xx 00 eng d
050 _aER
_bM155 2004
245 _aThe magic journey.
260 _aUSA :
_bHoughton Mifflin,
_c2004.
999 _c114398
_d114398